书目信息 |
| 题名: |
21天精通HTML 5+CSS 3网页设计
|
|
| 作者: | ;雨辰网络研究中心 编著 | |
| 分册: | ||
| 出版信息: | 北京 中国铁道出版社 2013 |
|
| 页数: | 386页 | |
| 开本: | 26cm | |
| 丛书名: | ||
| 单 册: | ||
| 中图分类: | TP312HT , TP393.092.2 , TP312 | |
| 科图分类: | ||
| 主题词: | 超文本标记语言--程序设计 , 超文本标记语言 , 程序设计 , 网页制作工具--基本知识 , 网页制作工具 | |
| 电子资源: | ||
| ISBN: | 978-7-113-17164-3 | |
| 000 | 01176nam0 2200313 450 | |
| 001 | 140334 | |
| 005 | 20141019104023.00 | |
| 010 | @a978-7-113-17164-3@b光盘@dRMB 59.80 | |
| 100 | @a20131225d2013 em y0chiy50 ea | |
| 101 | 0 | @achi |
| 102 | @aCN@b110000 | |
| 105 | @ay z 000yy | |
| 200 | 1 | @a21天精通HTML 5+CSS 3网页设计@A21 tian jing tong HTML 5+CSS 3 wang ye she ji@b专著@f雨辰网络研究中心编著 |
| 210 | @a北京@c中国铁道出版社@d2013 | |
| 215 | @a386页@d26cm@e1光盘 | |
| 307 | @a附光盘:ISBN 978-7-89406-072-3 | |
| 330 | @a本书介绍了网页和网站、HTML 5、CSS 3的基础知识,讲解利用HTML 5的功能来构建网页的技术、多媒体等各项应用,介绍了利用CSS 3技术来美化网页上的文本、图像、表单等相关样式,最后通过精选的5类常见的网站应用方向讲解了综合利用HTML5+CSS 3技术的设计方法。 | |
| 606 | 0 | @a超文本标记语言@x程序设计 |
| 606 | 0 | @a超文本标记语言 |
| 606 | 0 | @a程序设计 |
| 606 | 0 | @a网页制作工具@x基本知识 |
| 606 | 0 | @a网页制作工具 |
| 610 | 0 | @aHTML@aCSS |
| 690 | @aTP312HT@v5 | |
| 690 | @aTP393.092.2@v5 | |
| 690 | @aTP312@v4 | |
| 711 | 02 | @a雨辰网络研究中心@Ayu chen wang luo yan jiu zhong xin@4编著 |
| 801 | 0 | @aCN@bZL@c20140927 |
| 905 | @a241430@dTP312@eY830 | |
| 21天精通HTML 5+CSS 3网页设计/雨辰网络研究中心编著.-北京:中国铁道出版社,2013 |
| 386页;26cm+1光盘 |
| ISBN 978-7-113-17164-3(光盘):RMB 59.80 |
| 本书介绍了网页和网站、HTML 5、CSS 3的基础知识,讲解利用HTML 5的功能来构建网页的技术、多媒体等各项应用,介绍了利用CSS 3技术来美化网页上的文本、图像、表单等相关样式,最后通过精选的5类常见的网站应用方向讲解了综合利用HTML5+CSS 3技术的设计方法。 |
| ● |
| 相关链接 |
|
|
|
正题名:21天精通HTML 5+CSS 3网页设计
索取号:TP312/Y830
 
预约/预借
| 序号 | 登录号 | 条形码 | 馆藏地/架位号 | 状态 | 备注 |
| 1 | 0834384 | 208343844 | 自科库301/301自科库 53排5列4层/ [索取号:TP312/Y830] | 在馆 | |
| 2 | 0834385 | 208343853 | 自科库301/404自科库 17排2列6层/ [索取号:TP312/Y830] | 在馆 | |
| 3 | 0834386 | 208343862 | 自科库301/301自科库 53排5列4层/ [索取号:TP312/Y830] | 在馆 |